| 000 | 00886nam a2200241Ia 4500 | ||
|---|---|---|---|
| 008 | 191130s2014##################000#0#eng## | ||
| 020 | _a9781118503201 | ||
| 022 | _a2013008682 | ||
| 040 |
_aACL _cACL |
||
| 100 | _aRudersdorfer, Ralf | ||
| 245 |
_aRadio receiver technology : principles, architectures, and applications _cRalf Rudersdorfer, Ulrich Graf, Hans Zahnd |
||
| 260 |
_aHoboken, NJ _bWiley _c2014 |
||
| 300 | _axvi, 299 pages : illustrations ; 25 cm | ||
| 500 | _aTranslation of: Funkempfängerkompendium. Includes bibliographical references and index | ||
| 650 | _aEngineering | ||
| 650 | _aRadio - Receivers and reception | ||
| 650 | _aTECHNOLOGY & ENGINEERING / Mobile & Wireless Communications | ||
| 700 | _aGraf, Ulrich | ||
| 700 | _aZahnd, Hans | ||
| 990 | _addcf7aeaac100b463e9521c79fbba337 | ||
| 991 | _a445271 | ||
| 999 |
_c49461 _d49461 |
||